| 000 | 00738nam a2200253 i 4500 | ||
|---|---|---|---|
| 001 | bg | ||
| 100 | 1 | _aBOMBICKI, Maciej Roman | |
| 245 | 0 |
_aPrawo i ekonomia : _bleksykon prawniczy / _cMaciej Roman Bombicki. |
|
| 260 |
_aWarszawa : _bPol-Euro-Business : _bPolsko-Europejskie Towarzystwo Finansowe, _c[2001]. |
||
| 300 |
_a399 s. ; _c21 cm. |
||
| 490 | 1 | _aEncyklopedia Actus Purus | |
| 500 | _aPrzedm. pol.,ang., franc., niem., ros. | ||
| 504 | _aBibliogr. | ||
| 650 | 9 | _aPrawo | |
| 655 | _aEncyklopedie | ||
| 830 | _aEncyklopedia Actus Purus | ||
| 020 | _a8389002000 | ||
| 040 | _cBPK | ||
| 041 | 0 |
_apl _benfrderu |
|
| 080 | _a34(03) | ||
| 920 | _a83-89002-00-0 | ||
| 942 | _cKS | ||
| 008 | s pl f |000 0 pol | ||
| 999 |
_c40293 _d40293 |
||
| 856 |
_uhttp://koha.tu.koszalin.pl/cgi-bin/koha/opac-detail.pl?biblionumber=40293 _yKatalog online BPK |
||